|
|
|
|
| LEADER |
00000nam a22000005a 4500 |
| 001 |
20645 |
| 003 |
CL-ChBUA |
| 005 |
20120815103753.0 |
| 008 |
070301s2005 ag 000 0 spa |
| 020 |
|
|
|a 9875570850
|
| 040 |
|
|
|a CL-ChBUA
|c CL-ChBUA
|
| 082 |
0 |
0 |
|a 248.4
|
| 090 |
|
|
|c 20645
|d 20645
|
| 100 |
1 |
|
|a Meyer, Joyce.
|
| 245 |
1 |
0 |
|a El gozo de ser quien Dios te hizo
|
| 260 |
|
|
|b Peniel.
|a Buenos Aires.
|c 2005.
|
| 300 |
|
|
|a 130 p.
|c 18 cm.
|
| 504 |
|
|
|a Indice.
|
| 650 |
|
4 |
|a VIDA CRISTIANA.
|
| 650 |
|
4 |
|a CRECIMIENTO ESPIRITUAL.
|
| 942 |
|
|
|c LIB
|
| 952 |
|
|
|0 0
|1 0
|4 0
|7 0
|9 28080
|a UNACH
|b UNACH
|c 200
|d 2007-03-05
|i 39.453.
|l 2
|o 248.4 / M 612.
|p 29079
|r 2015-09-11 00:00:00
|s 2015-09-09
|u 28080
|w 2012-08-08
|y LIB
|k 248.4 / M 612.
|
| 999 |
|
|
|c 20645
|d 20645
|